Boletín Bibliográfico Mexicano : año 37, número 329, julio-agosto 1977 /

Spremljeno u:
Bibliografski detalji
Daljnji autori: Pérez Porrúa, Francisco (dirección) (dirección)
Format: Knjiga
Jezik:španjolski
Izdano: México : Porrúa Hermanos, 1977
Oznake: Dodaj oznaku
Bez oznaka, Budi prvi tko označuje ovaj zapis!

MARC

LEADER 00000nam^a2200000^a^4500
001 000442784
005 20250526000000.0
009 20260310123435.755
037 |a Acervo ITESO - Biblioteca 
041 |a ESP 
091 |a FHM. 10779 
245 0 0 |a Boletín Bibliográfico Mexicano :  |b año 37, número 329, julio-agosto 1977 / 
264 1 |a México :  |b Porrúa Hermanos,  |c 1977 
300 |a 96 p. ;  |c 22.5 cm. 
336 |a texto  |b txt  |2 rdacontenido 
337 |a sin mediación  |b n  |2 rdamedio 
338 |a volumen  |b nc  |2 rdasoporte 
649 |a XX 
700 |a Pérez Porrúa, Francisco  |e (dirección) 
910 |a Fondo Hugo B. Margáin 
920 |a Impresos - Libros 
930 |a Libros Antiguos y Raros 
905 |a 126 
901 |a 0500301213  |b IT2  |c LRA  |i D120211  |u 20250526 
902 |a https://opac.biblio.iteso.mx/vufind/Record/000442784